000 00494nam a2200217Ia 4500
003 OSt
005 20221005115534.0
006 a|||||r|||| 00| 0
007 ta
008 ORI
024 _a27518
037 _cTextual
040 _aCRL
_cCRL
_bORI
041 _2ORI
_aORI
082 _aO1591,3NPA,4, L6
100 _aPatnaik B.
_9214449
245 0 _aChhaya chandrika
260 _c1976
942 _hO1591,3NPA,4, L6
_cTEXL
_2cc
999 _c1035132
_d1035132